<?xml version="1.0" encoding="UTF-8"?>
<marc:record xmlns:marc="http://www.loc.gov/MARC21/slim">
   <marc:leader>00000nam a2200000 a 4500</marc:leader>
   <marc:datafield ind1="1" ind2=" " tag="100">
      <marc:subfield code="a">Berling, Carla</marc:subfield>
      <marc:subfield code="4">aut</marc:subfield>
      <marc:subfield code="e">Verfasser/-in</marc:subfield>
   </marc:datafield>
   <marc:datafield ind1="0" ind2="0" tag="245">
      <marc:subfield code="a">Der Alte muss weg</marc:subfield>
   </marc:datafield>
   <marc:datafield ind1="0" ind2="0" tag="245">
      <marc:subfield code="c">Carla Berling</marc:subfield>
   </marc:datafield>
   <marc:datafield ind1=" " ind2="1" tag="264">
      <marc:subfield code="a">Bergisch Gladbach</marc:subfield>
      <marc:subfield code="b">Schall &amp; Wahn</marc:subfield>
      <marc:subfield code="c">2020</marc:subfield>
   </marc:datafield>
   <marc:datafield ind1="1" ind2=" " tag="520">
      <marc:subfield code="a">Angaben aus der Verlagsmeldung

Der Alte muss weg : Schall&amp;Wahn / von Carla Berling

Witzige Ehekomödie voller Überraschungen

Steffi, Mitte fünfzig und Reihenhausbewohnerin, ist unzufrieden. Mit ihrem Job. Mit ihrem Aussehen. Mit ihrem Mann Tom und seinem Faible für Kreuzworträtsel. Und mit ihrem Sexualleben. Das Highlight der Woche: Jeden Montag trifft Steffi sich mit ihrer Schwester und ihren Freundinnen im Brauhaus. Außer einer Single-Frau sind alle unglücklich und würden ihre Männer lieber heute als morgen loswerden – Haus, Auto, Sparbuch und Designerküche können aber gerne bleiben! An einem langen Kölsch-Abend entsteht ein perfider Plan, wie eine unauffällige Entledigung der Gatten gelingen könnte …

Gekürzte Lesung mit Carla Berling
2 MP3-CDs, ca. 10h

</marc:subfield>
   </marc:datafield>
   <marc:datafield ind1=" " ind2=" " tag="020">
      <marc:subfield code="a">9783837153675</marc:subfield>
      <marc:subfield code="9">9783837153675</marc:subfield>
   </marc:datafield>
   <marc:datafield ind1=" " ind2=" " tag="041">
      <marc:subfield code="a">ger</marc:subfield>
   </marc:datafield>
</marc:record>
